000
00416nam a2200169Ia 4500
008
090711s9999 xx 000 0 und d
082
_b
53848
100
_a
सामंत माया
245
_a
बाधा
260
_c
1986
300
_a
139
600
_a
सामंत माया
630
_a
बाधा
700
_a
सामंत माया
730
_a
बाधा
942
_c
BOOK
999
_c
302247
_d
302247